000 00459nam a2200181Ia 4500
008 230711s9999||||xx |||||||||||||| ||und||
020 _a978-81-315-2269-1
041 _aENG
082 _a543
_bHO-S
100 _aHoller, F.James
245 0 _aSkoog and West's Fundamentals of Analytical Chemistry
250 _a9th Ed.
260 _c2014
_aDelhi
_bCengage Learning
300 _a1050p.
650 _aChemistry
700 _aCrouch,Stanley R
942 _cBK
999 _c6739
_d6739